000 00482nam a2200205Ia 4500
003 0100
008 130303s9999 xx 000 0 und d
020 _a0268009740
040 _cARRUPELIB
050 _aBJ1533.F8W33 1989
100 _aWadell, Paul J
245 _aFriendship and the moral life
260 _aNotre Dame IN
260 _bUniversity of Notre Dame Press
260 _C1989
300 _axviii
300 _b 189p. 23cm.
650 _aETHICS
942 0 0 _01
999 _c21201
_d21201